000 00846nam a2200205 i 4500
001 136367
003 ES-MaACL
005 20250717081030.0
007 t|
008 070214s1904 sp r ||||1| spa d
100 1 _aRusca, Francisco.
_9101010
245 1 3 _aEl círculo vicioso en la gastro-enterostomía
_b: sus variedades, causas, aspecto clínico y patogenia, modo de evitarlo : tesis del doctorado /
_cpor Francisco Rusca.
260 _aMadrid :
_b[s. n.],
_c1904 (
_fEstablecimiento tipografico de Idamor Moreno)
300 _a53 p., 7 h. de lám. :
_bil. ;
_c26 cm.
500 _aTesis de doctorado leída en la Universidad Central el 23 de octubre de 1903.
650 4 _aGastrectomía.
_9151075
710 2 _aUniversidad Central (Madrid).
_bFacultad de Medicina
_97093
852 _aES-MaACL
_jT-1049-F-15
999 _c136367
_d136367